000 004630000a22001810004500
001 004124
003 MACL
005 20150908151235.0
008 150908b xxu||||| |||| 00| 0 eng d
040 _aMACL
_cEnglish
082 _a921/KRI
100 _aKrishnamurti, J
_94788
245 _aThis Matter Of Culture
_cJ Krishnamurti
260 _aChennai
_c1994
_bKrishna murti Foundation India,
350 _a125
650 _aBiography
_9144
942 _k921
_cBK
_2ddc
999 _c16015
_d16015